LEADER 02530nam a2200433 u 4500 001 000000014219 003 CaOOAMICUS 005 20070226105735.0 008 940517s1984 sp u000 u spa u 020 $a84-220-1170-0 035 $a10337841 040 $aPUL$bita 041 1 $aspa$alat 100 0 $aAugustinus,$cs., vesc. d'Ippona,$d354-430.$0(OLS)http://pul/name/1290 240 10$aDe perfectione iustitiae hominis$9(Augustinus, s., vesc. d'Ippona, 354-430).$lSpagnolo e latino.$0(OLS)http://pul/title/20472 245 10$aEscritos antipelagianos.$n3 /$pLa perfecciçn de la justicia del hombre, El matrimonio y la concupisciencia, Réplica a Juliano /$cintroducción general de Argimiro Turrado ; traducción, introducciones y notas de Teodoro C. Madrid y Luis Arias Alvarez. 260 $aMadrid :$bBiblioteca de autores cristianos,$c1984. 300 $axv, 1003 p. ;$c20 cm 490 1 $aBiblioteca de autores cristianos ;$v457 490 1 $aObras completas de San Agustín ;$v35 505 0 $aTesto latino e trad. spagnola di: De perfectione iustitiae hominis ; De nuptiis et concupiscentia ; Contra Iulianum. 650 4$aPelagianesimo.$0(OLS)http://pul/subject/6732 700 1 $aTurrado, Argimiro.$0(OLS)http://pul/name/13225 700 02$aAugustinus,$cs., vesc. d'Ippona,$d354-430.$tContra Iulianum$9(Augustinus, s., vesc. d'Ippona, 354-430)$lSpagnolo e latino.$0(OLS)http://pul/name/13229 700 1 $aArias Alvarez, Luis,$cO.S.A.,$d1905-$0(OLS)http://pul/name/13227 700 02$aAugustinus,$cs., vesc. d'Ippona,$d354-430.$tDe nuptiis et concupiscentia.$9(Augustinus, s., vesc. d'Ippona, 354-430)$lSpagnolo e latino.$0(OLS)http://pul/name/13228 700 1 $aCalvo Madrid, Teodoro,$cO.E.R.S.A.$0(OLS)http://pul/name/13226 830 0$aBiblioteca de autores cristianos ;$v457.$0(OLS)http://pul/title/1365 830 0$aObras completas de San Agustín ;$v35.$0(OLS)http://pul/title/15032 850 $aPUL 852 $aPUL$W1$xSL Cons. Gen., Altre Classi 1$y1$m2000 A 35$j19996$nBK-PRI$b $qStampati$B19996$CPULBib$Z2$F19996 $H $81 900 $aAgostino,$cs., vesc. d'Ippona,$d354-430$91290 900 $aAgostino, Aurelio,$cs., vesc. d'Ippona$d354-430$91290 941 1 $a8 961 $aINV: 77591 983 0$aBAC. 996 $6020$a84-220-1170-0$9(OLS)http://pul/number/18100 996 $6245$aEscritos antipelagianos.$n3$9(OLS)http://pul/title/20473 996 $6260$aMadrid :$bBiblioteca de autores cristianos$9(OLS)http://pul/publisher/51328 LEADER 01500nam a2200277 a 4500 001 000000137366 003 CaOOAMICUS 005 20140213152718.0 008 140213s2013 it frm z000 0 ita d 040 $aANT$bita$dPUL 100 1 $aCamacho Garcia, Paola Rosalba.$0(OLS)http://pul/name/88508 245 12$aL'Epistemologia di Jacques Maritain :$bil realismo critico di Jacques Maritain in confronto con il razionalismo critico di Karl Raimundo Popper /$cPaola Rosalba Camacho Garcia. 260 $aRoma :$b[s.n.],$c2013. 300 $axx, 371 p.$c24 cm 502 $aTesi di Dottorato in Filosofia--Pontificia Universitas Lateranensis, 2013. 504 $aBibliografia: p. 337-371. 600 14$aMaritain, Jacques,$d1882-1973$xCritica e interpretazione.$0(OLS)http://pul/subject/4980 600 14$aPopper, Karl Raimund,$cSir,$d1902-1994$xCritica e interpretazione.$0(OLS)http://pul/subject/27964 650 04$aRealismo (Filosofia).$0(OLS)http://pul/subject/37306 710 2 $aPontificia Università Lateranense$bFacoltà di filosofia$kTesi.$0(OLS)http://pul/name/81773 850 $aPUL 852 $aPUL$W1$xDP1 Tesi Pon Univ. Lateranense$y41$m2013 A 7$j158368$qTesi$B157880$CPULBib$Z2$F157880 $82 941 1 $a16 996 $6245$aL'Epistemologia di Jacques Maritain :$bil realismo critico di Jacques Maritain in confronto con il razionalismo critico di Karl Raimundo Popper$9(OLS)http://pul/title/173906 996 $6260$aRoma :$b[s.n.]$9(OLS)http://pul/publisher/47958